Online Catalogue and eLibrary

Prajathanthravadaya saha sahabagithva sanwardanaya (Record no. 5060)

MARC details
000 -LEADER
fixed length control field 00416nam a2200169Ia 4500
005 - DATE AND TIME OF LATEST TRANSACTION
control field 20250624025152.0
008 - FIXED-LENGTH DATA ELEMENTS--GENERAL INFORMATION
fixed length control field 240331s9999 xx 000 0 und d
020 ## - INTERNATIONAL STANDARD BOOK NUMBER
ISBN 9559543520
082 ## - DDC Classification
Item Number - Author Mark KAR
Class No. 328
100 ## - MAIN ENTRY--PERSONAL NAME
Personal name Karunarathne,W
245 #0 - TITLE STATEMENT
Title Prajathanthravadaya saha sahabagithva sanwardanaya
260 ## - PUBLICATION, DISTRIBUTION, ETC.
Date of publication, distribution, etc. 1998
300 ## - PHYSICAL DESCRIPTION
Extent (e.g. Volumes, Pages etc.) 199 p.,
650 ## - SUBJECT ADDED ENTRY--TOPICAL TERM
Topical term or geographic name entry element Democracy
650 ## - SUBJECT ADDED ENTRY--TOPICAL TERM
Topical term or geographic name entry element Participatory Development
942 ## - Koha item type (Biblio)
Koha item type Books in Stacks (Lending)
Holdings
Lost status Damaged status Collection code Home library Current library Shelving location Date acquired Full call number Accession Number Item type
    Lending WERC Library WERC Library Social Science Cupboard 03/31/2024 328.042 KAR 5754 Books in Stacks (Lending)

© WERC Library